Philippine public fiscal administration: readings and documents (Record no. 500916)

000 -LEADER
fixed length control field 00418cam a22001217a 4500
008 - FIXED-LENGTH DATA ELEMENTS--GENERAL INFORMATION
fixed length control field 180718b1954 xxu||||| |||| 00| 0 eng d
082 ## - DEWEY DECIMAL CLASSIFICATION NUMBER
Classification number L1x914 P538
100 ## - MAIN ENTRY--PERSONAL NAME
Personal name Waldby, Odell
245 ## - TITLE STATEMENT
Title Philippine public fiscal administration: readings and documents
Statement of responsibility, etc. by Odell Waldby
260 ## - PUBLICATION, DISTRIBUTION, ETC.
Place of publication, distribution, etc. Manila
Name of publisher, distributor, etc. Institute of Public Administration
Date of publication, distribution, etc. 1954
300 ## - PHYSICAL DESCRIPTION
Extent 471p.
650 ## - SUBJECT ADDED ENTRY--TOPICAL TERM
Topical term or geographic name entry element Public Administration --Fiscal policy --Philippine
Holdings
Withdrawn status Lost status Damaged status Not for loan Permanent Location Current Location Date acquired Full call number Barcode Date last seen Price effective from Koha item type
        Indian Institute of Public Administration Indian Institute of Public Administration 2018-08-04 L1x914 P538 GR5954 2018-08-04 2018-08-04 GR

Powered by Koha